Теория государства и права в схемах и определениях (Запись № 13661914)

Подробности
000 -МАРКЕР
контрольное поле 02467nam0a2200397 4500
001 - ИДЕНТИФИКАТОР ЗАПИСИ
контрольное поле RU\NLR\BIBL_A\022287490
005 - ИДЕНТИФИКАТОР ВЕРСИИ
контрольное поле 20260420013002.0
010 ## - МЕЖДУНАРОДНЫЙ СТАНДАРТНЫЙ НОМЕР КНИГИ (ISBN)
Номер (ISBN) 978-5-00220-230-0
Тираж 50
021 ## - НОМЕР ГОСУДАРСТВЕННОЙ РЕГИСТРАЦИИ
Код страны Российская Федерация
Номер КН-П-24-035728
Номер Листа государственной регистраци КН-П-24-3591
035 ## - ДРУГИЕ СИСТЕМНЫЕ НОМЕРА
Идентификатор записи (NLR Aleph) 022287490
100 ## - ДАННЫЕ ОБЩЕЙ ОБРАБОТКИ
Данные общей обработки 20240801d2023 u y0rusy50 ca
101 0# - ЯЗЫК РЕСУРСА
Язык текста, звукозаписи и т.д. русский
102 ## - СТРАНА ПУБЛИКАЦИИ ИЛИ ПРОИЗВОДСТВА
Страна публикации Российская Федерация
105 ## - ПОЛЕ КОДИРОВАННЫХ ДАННЫХ: ТЕКСТОВЫЕ МАТЕРИАЛЫ, МОНОГРАФИЧЕСКИЕ
Кодированные данные о монографическом текстовом документе a|||j|||000yy
181 #0 - ПОЛЕ КОДИРОВАННЫХ ДАННЫХ: ВИД СОДЕРЖАНИЯ
Код вида содержания (ISBD) i3
Код характеристики содержания (ISBD) axxe
182 #0 - ПОЛЕ КОДИРОВАННЫХ ДАННЫХ: ТИП СРЕДСТВА
Код типа средства (ISBD) n - непосредственное
200 1# - ЗАГЛАВИЕ И СВЕДЕНИЯ ОБ ОТВЕТСТВЕННОСТИ
Основное заглавие Теория государства и права в схемах и определениях
Сведения, относящиеся к заглавию учебное пособие
-- для студентов юридических вузов
Первые сведения об ответственности И. И. Бушуев, С. Л. Мельникова, Л. В. Смирнов
Последующие сведения об ответственности Федеральное государственное бюджетное образовательное учреждение высшего образования "Всероссийский государственный университет юстиции (РПА Минюста России)", Тульский институт (филиал) ВГУЮ (РПА Минюста России)
203 ## - ВИД СОДЕРЖАНИЯ И ТИП СРЕДСТВА
Вид содержания Текст
Дополнительные сведения об издании визуальный
Тип средства непосредственный
210 ## - ПУБЛИКАЦИЯ, РАСПРОСТРАНЕНИЕ И ДР.
Место издания, распространения и т.д. Тула
Имя издателя, распространителя и т. д. Тульский институт (филиал) ВГУЮ (РПА Минюста России)
Дата издания, распространения и т.д. 2023 (печ. 2024)
215 ## - ФИЗИЧЕСКАЯ ХАРАКТЕРИСТИКА
Специфическое обозначение материала и объем 281 с.
Другие сведения о физической характеристике ил., табл.
Размеры 21
225 1# - СЕРИЯ
Основное заглавие серии В помощь студенту
225 1# - СЕРИЯ
Основное заглавие серии Серия "Учебное пособие"
300 ## - ОБЩИЕ ПРИМЕЧАНИЯ
Текст примечания На обороте тит. с. авт.: И. И. Бушуев, С. Л. Мельникова, Л. В. Смирнов, кандидаты юрид. наук, доценты
320 ## - ПРИМЕЧАНИЯ О НАЛИЧИИ В ДОКУМЕНТЕ БИБЛИОГРАФИИ / УКАЗАТЕЛЯ
Текст примечания Библиогр.: с. 278-281 (52 назв.)
606 1# - НАИМЕНОВАНИЕ ТЕМЫ КАК ПРЕДМЕТ
Наименование темы Право
Формальный подзаголовок Схемы
Тематический подзаголовок Теория
Системный номер авторитетной/нормативной записи 1132203
Идентификатор авторитетной/нормативной записи RU\NLR\AUTH\66130636
606 1# - НАИМЕНОВАНИЕ ТЕМЫ КАК ПРЕДМЕТ
Наименование темы Государство
Формальный подзаголовок Схемы
Тематический подзаголовок Теория
Системный номер авторитетной/нормативной записи 2073063
Идентификатор авторитетной/нормативной записи RU\NLR\AUTH\661247934
686 1# - ИНДЕКСЫ ДРУГИХ КЛАССИФИКАЦИЙ
Индекс Х0я73
700 #1 - ИМЯ ЛИЦА - ПЕРВИЧНАЯ ОТВЕТСТВЕННОСТЬ
Начальный элемент ввода Бушуев
Часть имени, кроме начального элемента ввода И. И.
Расширение инициалов личного имени Игорь Иванович
701 #1 - ИМЯ ЛИЦА - АЛЬТЕРНАТИВНАЯ ОТВЕТСТВЕННОСТЬ
Начальный элемент ввода Мельникова
Часть имени, кроме начального элемента ввода С. Л.
Дополнения к именам, кроме дат канд. юрид. наук
Расширение инициалов личного имени Светлана Леонидовна
Системный номер авторитетной/нормативной записи 235343
Идентификатор авторитетной/нормативной записи RU\NLR\AUTH\770235399
701 #1 - ИМЯ ЛИЦА - АЛЬТЕРНАТИВНАЯ ОТВЕТСТВЕННОСТЬ
Графика поля Кириллица
Материалы, к которым относится поле rus
Начальный элемент ввода Смирнов
Часть имени, кроме начального элемента ввода Л. В.
Дополнения к именам, кроме дат канд. юрид. наук
Расширение инициалов личного имени Леонид Валерьевич
Системный номер авторитетной/нормативной записи 2641786
Идентификатор авторитетной/нормативной записи RU\NLR\AUTH\770272065
942 ## - ДОПОЛНИТЕЛЬНЫЕ ЭЛЕМЕНТЫ ЗАПИСИ (АБИС)
Тип экземпляра АБИС Книга
980 ## - КОЛЛЕКЦИЯ
Название коллекции Национальная библиография

Нет доступных экземпляров.